000 00464nam a2200157Ia 4500
003 IN-BaIIA
008 211028s9999 xx 000 0 eng d
040 _cIIA Library
245 0 _aAntenna engineering hand book
_cedited by Jasik Henry
260 _aNew York
_bMcGraw-Hill
_c1961
300 _a318p.
650 _aAntenna engineering
_910643
650 _aHandbook
_91241
700 _aHenry, Jasik, ed.
_910644
942 _cBK
999 _c6162
_d6162